Clash Royale Cards - Statistics

General Stats
  • This quiz has been taken 33,854 times
    14,253 since last reset
  • The average score is 52 of 122
Answer Stats
Arena Rarity Type Answer Evo (Cycles) % Correct
Training Camp Rare Troop Giant No
82%
Goblin Stadium Common Troop Goblins No
81%
Training Camp Common Troop Knight Yes (2)
80%
Training Camp Rare Troop Mini P.E.K.K.A. No
80%
Training Camp Rare Spell Fireball No
78%
Bone Pit Common Troop Skeletons Yes (1)
78%
Training Camp Common Troop Archers Yes (2)
77%
Training Camp Common Spell Arrows No
77%
P.E.K.K.A's Playhouse Epic Troop P.E.K.K.A Yes (1)
77%
Royal Arena Epic Troop Prince No
74%
Builder's Workshop Rare Troop Hog Rider No
73%
Electro Valley Legendary Troop Mega Knight Yes (1)
71%
Spell Valley Rare Troop Wizard Yes (1)
67%
Barbarian Bowl Common Building Cannon Yes (2)
65%
Builder's Workshop Common Spell Zap Yes (2)
65%
Barbarian Bowl Common Troop Barbarians Yes (1)
64%
P.E.K.K.A's Playhouse Epic Troop Skeleton Army No
64%
Electro Valley Legendary Troop Electro Wizard No
63%
Frozen Peak Common Troop Ice Spirit No
63%
Goblin Stadium Common Troop Spear Goblins No
62%
P.E.K.K.A's Playhouse Epic Troop Witch No
62%
Spell Valley Common Troop Fire Spirit No
60%
Electro Valley Legendary Spell The Log No
60%
Goblin Stadium Rare Building Goblin Hut No
59%
P.E.K.K.A's Playhouse Epic Troop Baby Dragon No
57%
Spooky Town Legendary Troop Ice Wizard No
57%
Hog Mountain Common Building Tesla Yes (2)
57%
Electro Valley Legendary Troop Princess No
56%
P.E.K.K.A's Playhouse Epic Spell Goblin Barrel Yes (2)
55%
Executioner's Kitchen Champion Troop Golden Knight No
55%
Spell Valley Rare Building Inferno Tower No
55%
Training Camp Rare Troop Musketeer Yes (2)
54%
Spell Valley Common Troop Electro Spirit No
53%
Jungle Arena Common Troop Goblin Gang No
53%
Royal Crypt Champion Troop Archer Queen No
52%
Jungle Arena Epic Troop Goblin Giant Yes (1)
52%
Royal Arena Epic Troop Dark Prince No
51%
Hog Mountain Epic Troop Golem No
51%
Rascal's Hideout Rare Troop Heal Spirit No
51%
Electro Valley Legendary Troop Miner No
51%
Training Camp Common Troop Minions No
51%
Electro Valley Legendary Troop Inferno Dragon No
50%
Royal Arena Common Troop Royal Giant Yes (1)
49%
Spell Valley Rare Building Bomb Tower No
48%
Executioner's Kitchen Champion Troop Skeleton King No
48%
Frozen Peak Epic Spell Lightning No
47%
Rascal's Hideout Legendary Troop Bandit No
46%
Jungle Arena Rare Building Barbarian Hut No
46%
Builder's Workshop Rare Spell Rocket No
46%
Spooky Town Epic Troop Electro Dragon Yes (1)
45%
Goblin Stadium Rare Building Goblin Cage Yes (1)
45%
Serenity Peak Epic Spell Rage No
45%
Frozen Peak Epic Spell Freeze No
44%
Rascal's Hideout Epic Troop Electro Giant No
43%
Serenity Peak Legendary Troop Night Witch No
43%
Jungle Arena Epic Spell Barbarian Barrel No
42%
Jungle Arena Rare Troop Dart Goblin Yes (2)
42%
Bone Pit Rare Building Tombstone No
42%
Royal Arena Epic Troop Balloon No
41%
Royal Crypt Champion Troop Mighty Miner No
41%
Bone Pit Common Troop Bomber Yes (2)
40%
Spooky Town Legendary Spell Graveyard No
40%
Silent Sanctuary Champion Troop Little Prince No
40%
Silent Sanctuary Champion Troop Monk No
40%
Miner's Mine Legendary Troop Mother Witch No
40%
Electro Valley Legendary Troop Sparky No
40%
Bone Pit Rare Troop Valkyrie Yes (2)
40%
Frozen Peak Common Spell Giant Snowball Yes (2)
39%
Royal Arena Rare Troop Royal Hogs No
39%
Hog Mountain Common Troop Elite Barbarians No
38%
Frozen Peak Epic Troop Giant Skeleton No
38%
Serenity Peak Rare Spell Goblin Curse No
38%
Frozen Peak Rare Troop Ice Golem No
38%
Serenity Peak Legendary Troop Lumberjack Yes (1)
38%
Electro Valley Legendary Troop Ram Rider No
38%
Jungle Arena Epic Spell Poison No
37%
Jungle Arena Common Troop Skeleton Barrel No
36%
Serenity Peak Rare Troop Elixir Golem No
35%
Hog Mountain Epic Building X-Bow No
35%
Miner's Mine Legendary Troop Goblin Machine No
33%
Hog Mountain Common Troop Minion Horde No
33%
Royal Arena Rare Troop Three Musketeers No
33%
Miner's Mine Epic Spell Void No
33%
Hog Mountain Rare Building Furnace No
32%
Training Camp Common Tower Troop Tower Princess N/A
32%
Spooky Town Common Troop Firecracker Yes (2)
31%
Royal Arena Common Troop Royal Recruits Yes (1)
31%
Builder's Workshop Common Troop Bats Yes (2)
30%
Spooky Town Legendary Troop Royal Ghost No
30%
Silent Sanctuary Champion Troop Goblinstein No
29%
Builder's Workshop Common Building Mortar Yes (2)
29%
Spooky Town Common Troop Rascals No
28%
Frozen Peak Rare Troop Battle Healer No
27%
Rascal's Hideout Legendary Troop Lava Hound No
27%
Rascal's Hideout Legendary Troop Magic Archer No
27%
Barbarian Bowl Rare Troop Battle Ram Yes (2)
26%
Spooky Town Rare Spell Earthquake No
26%
Miner's Mine Epic Spell Clone No
25%
Serenity Peak Epic Troop Executioner No
25%
P.E.K.K.A's Playhouse Epic Troop Guards No
25%
Miner's Mine Epic Spell Mirror No
25%
Serenity Peak Common Spell Royal Delivery No
25%
Spell Valley Common Troop Skeleton Dragons No
25%
Spooky Town Epic Troop Wall Breakers Yes (2)
25%
Rascal's Hideout Epic Troop Bowler No
24%
Frozen Peak Epic Tower Troop Cannoneer N/A
24%
Barbarian Bowl Rare Troop Mega Minion No
24%
Hog Mountain Rare Troop Zappies No
23%
Jungle Arena Common Troop Berserker No
21%
Electro Valley Legendary Tower Troop Dagger Duchess N/A
21%
Jungle Arena Epic Troop Rune Giant No
21%
Miner's Mine Epic Troop Cannon Cart No
20%
Builder's Workshop Rare Troop Flying Machine No
20%
Serenity Peak Epic Building Goblin Drill No
20%
Miner's Mine Epic Spell Tornado No
20%
Miner's Mine Rare Building Elixir Collector No
19%
Rascal's Hideout Legendary Tower Troop Royal Chef N/A
19%
Miner's Mine Legendary Troop Fisherman No
18%
Hog Mountain Epic Troop Hunter Yes (2)
17%
Spooky Town Legendary Troop Phoenix No
14%
Spooky Town Rare Troop Goblin Demolisher No
13%
Rascal's Hideout Rare Troop Suspicious Bush No
11%
No matching quizzes found
Score Distribution
Percent of People with Each Score
Percentile by Number Answered
Your Score History
You have not taken this quiz since the last reset